[Event "Kings Island op 22nd"]
[Site "Mason"]
[Date "2013.11.15"]
[Round "1"]
[White "Dake, Ram"]
[Black "Moradiabadi, Elshan"]
[Result "0-1"]
[WhiteElo "2147"]
[BlackElo "2628"]
[PlyCount "86"]
[EventDate "2013.11.15"]
[EventType "swiss"]
[EventRounds "5"]
[EventCountry "USA"]
[SourceTitle "EXT 2018"]
[Source "ChessBase"]
[SourceDate "2017.10.13"]
[SourceVersion "1"]
[SourceVersionDate "2017.10.13"]
[SourceQuality "1"]

1. Nf3 d5 2. d3 Nf6 3. g3 Bf5 4. Bg2 e6 5. 0-0 c6 6. Nbd2 Bc5 7. b3 a5 8. a4 0-0 9. Bb2 h6 10. Ne5 Nbd7 11. Nxd7 Nxd7 12. e4 Bg6 13. Kh1 f5 14. Qe2 Nf6 15. Nf3 fxe4 16. Ne5 Bh7 17. dxe4 Nxe4 18. f3 Ng5 19. h4 Nf7 20. Nd3 Bd6 21. f4 Qd7 22. Qg4 Nd8 23. Ne5 Bxe5 24. fxe5 Rxf1+ 25. Rxf1 Bxc2 26. Qe2 Bh7 27. Bh3 Nf7 28. Qh5 d4 29. Bxd4 Rf8 30. Rf4 Qd5+ 31. Bg2 Qxb3 32. Kh2 Qc2 33. Rf2 Qg6 34. Qf3 Qf5 35. Qc3 Qd3 36. Qc5 Be4 37. Bxe4 Qxe4 38. Bb2 Qb4 39. Qe3 Rd8 40. Qf3 Rd7 41. Bc1 Nxe5 42. Qh5 Ng4+ 43. Kg2 Qe4+ 0-1